|
|
|
|
| LEADER |
00000nam0a2200000 4500 |
| 001 |
92088 |
| 005 |
20231101213817.0 |
| 020 |
|
|
|a RU
|b 83-83859
|
| 035 |
|
|
|a (RuTPU)RU\TPU\book\98686
|
| 090 |
|
|
|a 92088
|
| 100 |
|
|
|a 20060306d1983 k a0rusy5003 ca
|
| 101 |
0 |
|
|a rus
|
| 102 |
|
|
|a AM
|
| 105 |
|
|
|a y z 001zy
|
| 200 |
1 |
|
|a Рентгеновское переходное излучение
|f Г. М. Гарибян, Я. Ши
|g Академия наук Армянской ССР; Ереванский физический институт ГКАЭ СССР
|
| 210 |
|
|
|a Ереван
|c Изд-во АН АрмССР
|d 1983
|
| 215 |
|
|
|a 320 с.
|c ил.
|d 20 см
|
| 305 |
|
|
|a Загл. также: арм.
|
| 610 |
1 |
|
|a переходное излучение
|
| 610 |
1 |
|
|a макроскопическая теория
|
| 610 |
1 |
|
|a возмущений теория
|
| 610 |
1 |
|
|a космическое пространство
|
| 610 |
1 |
|
|a кристаллы
|
| 610 |
1 |
|
|a релятивистские частицы
|
| 610 |
1 |
|
|a кинематика
|
| 610 |
1 |
|
|a краевой эффект
|
| 610 |
1 |
|
|a тормозное излучение
|
| 610 |
1 |
|
|a экспериментальные исследования
|
| 610 |
1 |
|
|a детекторы
|
| 675 |
|
|
|a 537.531
|z rus
|
| 700 |
|
1 |
|a Гарибян
|b Г. М.
|g Григорий Маркарович
|4 070
|
| 701 |
|
1 |
|a Ши
|b Я.
|g Ян
|4 070
|
| 712 |
0 |
2 |
|a Академия наук Армянской ССР
|2 stltpush
|3 (RuTPU)RU\TPU\col\5063
|
| 712 |
0 |
2 |
|a Ереванский физический институт ГКАЭ СССР
|2 stltpush
|3 (RuTPU)RU\TPU\col\9985
|9 24778
|
| 801 |
|
0 |
|a RU
|b RuMRKP
|c 19950704
|g psbo
|
| 801 |
|
1 |
|a RU
|b 63413507
|c 20060306
|g PSBO
|
| 801 |
|
2 |
|a RU
|b 63413507
|c 20071026
|g PSBO
|
| 942 |
|
|
|c BK
|